¿Ceuta o Melilla? - Estadísticas

Estadísticas generales
  • Esta prueba ha sido intentada 142 veces
  • La puntuación promedio es 9 de 15
Estadísticas de respuestas
Pregunta Respuesta % Correcto
Está más cerca de la España peninsular. Ceuta
98%
Históricamente ha tenido poblaciones judías, cristianas, y musulmanes. Ambas
81%
Tiene más hablantes del amazige. Melilla
77%
Tiene 'caballa' como un gentilicio coloquial. Ceuta
68%
Su nombre viene del nombre en latín que hacía referencia a siete montes. Ceuta
64%
Tiene un Telepizza. Ambas
62%
Tiene una superficie más extensa. Ceuta
60%
El lugar del desastre de Annual. Melilla
60%
Es la cuna de Goyo Jiménez, Fernando Arrabal, y Pepillo II. Melilla
60%
Tiene una frontera argelina. Ninguna
57%
Oficialmente se aprobó su estatuto de autonomía en 1995. Ambas
51%
Tiene un aeropuerto. Melilla
51%
El lugar donde empezó la Guerra Civil. Melilla
51%
Su estatuto de autonomía originalmente incluyó Perejil como territorio de la ciudad. Ceuta
49%
Aporta más a la frontera hispano-marroquí. Melilla
38%
No se encontraron pruebas coincidentes
Distribución de puntuación
Porcentaje de gente con cada puntuación
Porcentaje por número respondido
Historial de tus puntuaciones
No has intentado esta prueba.